000
00333nam a2200157Ia 4500
008
230523s9999 xx 000 0 und d
082
_a
891 GOV
100
_a
Govil, Prabodh Kumar
245
0
_a
Akab: Hindi Fiction
250
_a
2
260
_a
Jaipur
260
_b
Aayush Books
260
_c
2018
300
_a
128
942
_c
RB
999
_c
3667
_d
3667